000 00531nam a2200193 i 4500
001 104928
003 ES-MaACL
005 20230906183727.0
007 t|
008 060529s1980 fr ||||1| fre d
020 _a2-03-800001-8
080 _a811.133.1-552
245 0 0 _aLarousse de la conjugaison.
260 _aParis :
_bLarousse,
_c[1980]
300 _a175 p. ;
_c20 cm.
500 _aBiblioteca Jacinto Martínez Lacalle.
650 1 4 _aLengua francesa-
_xConjugación.
_914201
852 _aES-MaACL
_jE-11337
_bR.139099
999 _c104928
_d104928